000 00353 a2200145 4500
001 170629
020 _a
040 _cMagnum
100 _aSagarana
240 1 0 _aTurismo e cultura em minas gerais: circuito do diamante
_lpor
245 1 0 _aTurismo e cultura em minas gerais: circuito do diamante
362 0 _a1899
697 _aGERAL
942 _cBK
999 _c170629
_d170629